Zachraňte planetu!. Plasty /

Hlavní autor: Mancini, Paolo, 1971-
Další autoři: De Leone, Luca, 1974-, Fabbian, Federica, Křepelová, Dana, 1982-
Jazyk: Čeština
Vydáno: Praha : Dobrovský s.r.o., 2022
Edice: Otočte kolečkem
Drobek
Témata:
Fyzický popis: 18 nečíslovaných stran : barevné ilustrace ; 16 cm
Knihy
Uloženo v:
LEADER 02623cam a2200709 i 4500
001 nkc20223439411
003 CZ PrNK
005 20240522131820.0
007 ta
008 220630s2022 xr a a 000 0 cze d
015 |a cnb003439411 
020 |a 978-80-277-1069-0  |q (vázáno) 
035 |a (OCoLC)1350560598 
040 |a ULG001  |b cze  |d BOA001  |d ABA001  |e rda 
041 1 |a cze  |k eng  |h ita 
072 7 |a 502  |x Životní prostředí a jeho ochrana  |2 Konspekt  |9 2 
072 7 |a 0/9-053.2  |x Literatura pro děti a mládež (naučná)  |2 Konspekt  |9 26 
080 |a 678.5/.8  |2 MRF 
080 |a 628.3/.5-022.231  |2 MRF 
080 |a 628.477.6:678.5/.8  |2 MRF 
080 |a 502.17  |2 MRF 
080 |a (0.025.2)  |2 MRF 
080 |a (0.053.2)  |2 MRF 
100 1 |a Mancini, Paolo,  |d 1971-  |7 xx0251685  |4 aut 
240 1 0 |a Plastica.  |l Česky 
245 1 0 |a Zachraňte planetu!.  |p Plasty /  |c napsali Paolo Mancini a Luca de Leone ; ilustrovala Federica Fabbian 
246 3 0 |a Plasty 
264 1 |a Praha :  |b Dobrovský s.r.o.,  |c 2022 
300 |a 18 nečíslovaných stran :  |b barevné ilustrace ;  |c 16 cm 
336 |a text  |b txt  |2 rdacontent 
336 |a statický obraz  |b sti  |2 rdacontent 
337 |a bez média  |b n  |2 rdamedia 
338 |a svazek  |b nc  |2 rdacarrier 
490 1 |a Otočte kolečkem 
490 1 |a Drobek 
500 |a Z anglického překladu italského originálu přeložila Dana Křepelová 
500 |a Kartonové listy s otočnými kolečky 
650 0 7 |a plasty  |7 ph124105  |2 czenas 
650 0 7 |a minimalizace odpadů  |7 ph628961  |2 czenas 
650 0 7 |a recyklace plastů  |7 ph908301  |2 czenas 
650 0 7 |a ochrana životního prostředí  |7 ph115553  |2 czenas 
650 0 9 |a plastics  |2 eczenas 
650 0 9 |a waste minimization  |2 eczenas 
650 0 9 |a plastics recycling  |2 eczenas 
650 0 9 |a environmental protection  |2 eczenas 
655 7 |a leporela  |7 fd132727  |2 czenas 
655 7 |a publikace pro děti  |7 fd133156  |2 czenas 
655 9 |a folding picture-books  |2 eczenas 
655 9 |a children's literature  |2 eczenas 
700 1 |a De Leone, Luca,  |d 1974-  |7 xx0251456  |4 aut 
700 1 |a Fabbian, Federica  |7 xx0274938  |4 ill 
700 1 |a Křepelová, Dana,  |d 1982-  |7 hka20201062593  |4 trl 
765 0 |t Gira la ruota e salva la terra!  |9 Česky 
765 0 8 |i Název anglického překladu:  |t Save the planet!  |9 Česky 
830 0 |a Otočte kolečkem  |0 s 
830 0 |a Drobek  |0 s 
910 2 |a BOA001  |b 1-1494.801 
920 |a 016020003868442  |z ULG001 
990 |a BK 
995 |a 01 
991 |b 202210  |c NOV 
996 6 |b 2610916396  |c 1-1494.801  |l MZK  |r Sklad / do 1 hodiny  |n 2  |p p.v.  |w 001901340  |u 000010  |a 1  |e BOA001  |j MZK50  |s P